000 00927mam a2200277 a 4500
001 2793956
003 ARRUPE
005 20141003131640.0
008 001206r20012000pau b 001 0 eng
010 _a 00068696
020 _a0819218820 (alk. paper)
035 _a(OCoLC)ocm45603998
040 _aDLC
_cDLC
050 0 0 _aBX4700.H5
_bT55 2001
082 0 0 _a282/.092
_aB
_221
100 1 _aTillman, June.
_912044
245 1 4 _aThe creative spirit :
_bharmonious living with Hildegard of Bingam /
_cJune Boyce-Tillman.
260 _aHarrisburg, Pa. :
_bMorehouse Pub.,
_c2001.
263 _a0107
300 _axvi, 201 p. ;
_c20 cm.
500 _aOriginally published: Norwich, England : Canterbury Press, 2000, in series: Rhythm of life.
504 _aIncludes bibliographical references (p. [199]-201) and index.
600 0 0 _aHildegard,
_cSaint,
_d1098-1179.
_912045
942 _2lcc
_cMONOGRAPH
999 _c121075
_d121075